Phases finales de la Ligue des Champions 2022-2023. - Statistiques

Statistiques générales
  • Ce quiz a été pris 752 fois
  • Le résultat moyen est 12 sur 16
Statistiques - réponses
Réponse % Correct
Manchester City
99%
Real Madrid
99%
Inter Milan
98%
Paris SG
97%
Bayern Munich
96%
AC Milan
89%
Liverpool
86%
Chelsea FC
83%
Borussia Dortmund
82%
SSC Naples
76%
SL Benfica
74%
RB Leipzig
73%
FC Porto
68%
Tottenham Hotspur
48%
Club Bruges
40%
Eintracht Francfort
28%
Aucun quiz correspondant
Distribution des résultats
% des personnes avec chaque résultat
Percentile par nombre de réponses
Votre historique - résultats
Vous n’avez pas pris ce quiz